Fundamentals success : (Record no. 7825)
[ view plain ]
| 000 -LEADER | |
|---|---|
| fixed length control field | 00909cam a22002654a 4500 |
| 001 - CONTROL NUMBER | |
| control field | 13187558 |
| 005 - DATE AND TIME OF LATEST TRANSACTION | |
| control field | 20251027173352.0 |
| 008 - FIXED-LENGTH DATA ELEMENTS--GENERAL INFORMATION | |
| fixed length control field | 030506s2004 paua 001 0 eng |
| 020 ## - INTERNATIONAL STANDARD BOOK NUMBER | |
| International Standard Book Number | 0803610564 |
| 020 ## - INTERNATIONAL STANDARD BOOK NUMBER | |
| International Standard Book Number | 9780803610569 |
| 050 00 - LIBRARY OF CONGRESS CALL NUMBER | |
| Classification number | RT55 |
| Item number | .N765 2004 |
| 082 00 - DEWEY DECIMAL CLASSIFICATION NUMBER | |
| Classification number | 610.73 |
| Edition information | 21 |
| 100 1# - MAIN ENTRY--PERSONAL NAME | |
| Personal name | Nugent, Patricia Mary, |
| Dates associated with a name | 1944- |
| 245 10 - TITLE STATEMENT | |
| Title | Fundamentals success : |
| Remainder of title | a course review applying critical thinking to test taking / |
| Statement of responsibility, etc. | Patricia M. Nugent, Barbara A. Vitale. |
| 260 ## - PUBLICATION, DISTRIBUTION, ETC. | |
| Place of publication, distribution, etc. | Philadelphia : |
| Name of publisher, distributor, etc. | F. A. Davis, |
| Date of publication, distribution, etc. | c2004. |
| 300 ## - PHYSICAL DESCRIPTION | |
| Extent | xiii, 364 p. : |
| Other physical details | ill. ; |
| Dimensions | 28 cm. |
| 500 ## - GENERAL NOTE | |
| General note | Includes index. |
| 650 #0 - SUBJECT ADDED ENTRY--TOPICAL TERM | |
| Topical term or geographic name entry element | Nursing |
| Form subdivision | Examinations, questions, etc. |
| 650 #0 - SUBJECT ADDED ENTRY--TOPICAL TERM | |
| Topical term or geographic name entry element | Nursing |
| General subdivision | Examinations |
| Form subdivision | Study guides. |
| 650 #0 - SUBJECT ADDED ENTRY--TOPICAL TERM | |
| Topical term or geographic name entry element | Critical thinking. |
| 650 12 - SUBJECT ADDED ENTRY--TOPICAL TERM | |
| Topical term or geographic name entry element | Nursing |
| Form subdivision | Examination Questions. |
| 650 22 - SUBJECT ADDED ENTRY--TOPICAL TERM | |
| Topical term or geographic name entry element | Problem Solving |
| Form subdivision | Examination Questions. |
| 700 1# - ADDED ENTRY--PERSONAL NAME | |
| Personal name | Vitale, Barbara Ann, |
| Dates associated with a name | 1944- |
| 942 ## - ADDED ENTRY ELEMENTS (KOHA) | |
| Source of classification or shelving scheme | Library of Congress Classification |
| Koha item type | Books |
| Suppress in OPAC | No |
| 999 ## - | |
| -- | 7825 |
| -- | 7825 |
| Withdrawn status | Lost status | Source of classification or shelving scheme | Damaged status | Not for loan | Collection | Home library | Current library | Shelving location | Date acquired | Total checkouts | Full call number | Barcode | Date last seen | Copy number | Price effective from | Koha item type |
|---|---|---|---|---|---|---|---|---|---|---|---|---|---|---|---|---|
| Library of Congress Classification | Non-fiction | Science Library (Miotso) | Science Library (Miotso) | General stacks | 10/27/2025 | RT55 .N765 NUG | SLM00004604 | 10/27/2025 | 1 | 10/27/2025 | Books | |||||
| Library of Congress Classification | Non-fiction | Science Library (Miotso) | Science Library (Miotso) | General stacks | 10/28/2025 | RT55 .N765 NUG | SLM00004739 | 10/28/2025 | 2 | 10/28/2025 | Books | |||||
| Library of Congress Classification | Non-fiction | Science Library (Miotso) | Science Library (Miotso) | General stacks | 10/28/2025 | RT55 .N765 NUG | SLM00004740 | 10/28/2025 | 3 | 10/28/2025 | Books | |||||
| Library of Congress Classification | Non-fiction | Science Library (Miotso) | Science Library (Miotso) | General stacks | 10/28/2025 | RT55 .N765 NUG | SLM00004741 | 10/28/2025 | 4 | 10/28/2025 | Books | |||||
| Library of Congress Classification | Non-fiction | Science Library (Miotso) | Science Library (Miotso) | General stacks | 10/28/2025 | RT55 .N765 NUG | SLM00004742 | 10/28/2025 | 5 | 10/28/2025 | Books | |||||
| Library of Congress Classification | Non-fiction | Science Library (Miotso) | Science Library (Miotso) | General stacks | 10/28/2025 | RT55 .N765 NUG | SLM00004743 | 10/28/2025 | 6 | 10/28/2025 | Books |